Privilegis i ordinacions de les valls pirenenques / editats per Ferran Valls Taberner
Descripción Física:
3 v. ; 25 cm
Colección:
Textes de dret català ; 2-4
Otros Autores:
Valls i Taberner, Ferran, 1888-1942
MARC
| LEADER | 00000nam a2200000Ia 4500 | ||
|---|---|---|---|
| 001 | 8094, 8095, 8096 | ||
| 008 | 160829s1915 - 1920 xx 000 0 cat d | ||
| 080 | |a D-1-19, D-1-20, D-1-21 | ||
| 245 | |a Privilegis i ordinacions de les valls pirenenques / editats per Ferran Valls Taberner | ||
| 260 | |a Barcelona : |b (Imp. Casa Caritat), |c 1915 - 1920 | ||
| 300 | |a 3 v. ; |c 25 cm | ||
| 490 | |a Textes de dret català ; 2-4 | ||
| 590 | |a Conté: v. 1: Vall d'Aran; v. 2: Vall d'Aneu, Vallferrera i Vall de Querol; v. 3: Vall d'Andorra | ||
| 650 | |a Lleis |x Pirineus |9 34612 | ||
| 650 | |a Pirineus |x Història |x Fonts |9 34613 | ||
| 650 | |a Pirineus |x Cartes, privilegis, immunitats |9 34614 | ||
| 700 | 1 | |a Valls i Taberner, Ferran, |d 1888-1942 |e editor literari |9 34615 | |
| 901 | |a Arxiu | ||
| 942 | |n 1 |2 udc | ||
| 952 | |0 0 |1 0 |4 0 |6 D119_D120_D121 |7 1 |9 46584 |a Arxiu |b Arxiu |d 2016-12-01 |l 0 |o D-1-19, D-1-20, D-1-21 |p 8094, 8095, 8096 |r 2016-12-01 00:00:00 |w 2016-12-01 |y ARXIU | ||
| 999 | |c 50377 |d 50377 | ||